Responses for show #1701 - Monday, January 13, 1992

Contestants

[<< previous game]

Rachel Kranz, a writer and director from New York City, New York

Robert Burgess, an attorney from Austin, Texas

Liz MacGillicuddy-Lucas, an actress originally from Hollywood, California (whose 2-day cash winnings total $10,399)

[next game >>]

Jeopardy! Round responses

SCIENTISTS & INVENTORS
A.K.A.
(Alex: Also known as.)
HOLIDAYS & OBSERVANCES
RODENTS
MUSICAL THEATRE
ENDS IN "X"
    $100 16
Alexander Graham Bell

Rachel
    $100 1
Myrna Loy

Liz
    $100 17
Thanksgiving

Rachel
    $100 22
(Robert: What is a possum?)

a porcupine

RobertRachel
    $100 4
The King and I

Robert
    $100 8
a hex

Rachel
    $200 24
(Alex: We have less than a minute to go.)

Saturn

Robert
    $200 2
Rocky Marciano

Liz
    $200 18
July

Robert
    $200 23
a beaver

Robert
    $200 7
Fiddler on the Roof

Robert
    $200 12
a lummox

Liz
    $300 25
a machine gun

Robert
    $300 3
Julie Newmar

Rachel
    $500 19
(Robert: What is February 1st?)

October 31

Robert
    $300 28
lemmings

Robert
    $300 9
Brigadoon

Liz
    $300 13
a helix

Rachel
    $400 26
the fallopian tube

Robert
    $400 5
Benny Hill

Liz
    $400 20
kite flying

Robert
    $400 29
chipmunks

Liz
    $400 10
a leprechaun

Rachel
    $400 14
an executrix

Rachel
    $500 27
[Note: "Ind" was read as "independent".]

(Gregor) Mendel

Rachel
    $500 6
(Robert: Who is Martin Ross?)

Ross Martin

LizRobert
    $500 21
dogs

Rachel
    $500 30
a house mouse

Liz
    $500 11
Big River

Rachel
    $500 15
the coccyx

Robert

Scores at the first commercial break (after clue 15):

Liz Robert Rachel
$1,700 $300 $2,000

Scores at the end of the Jeopardy! Round:

Liz Robert Rachel
$2,600 $1,700 $3,300

Double Jeopardy! Round responses

ALBERTA
LITERARY VILLAINS
BUSINESS TALK
THE 1920s
TREES
RELIGION
    $200 13
Calgary

Robert
    $200 2
Nineteen Eighty-Four

Liz
    $200 1
go up

Rachel
    $200 9
Babe Ruth

Robert
    $200 23
(Alex: Sequoia sempervirens for the [*].)

redwood

Triple Stumper
    $200 18
the Koran

Rachel
    $400 14
Queen Victoria

Robert
    $400 3
Uncle Tom

Robert
    $400 4
liquid

Robert
    $400 10
Franklin Roosevelt

Rachel
    $400 24
the eucalyptus

Rachel
    $400 19
Shinto

Robert
    $600 20
wheat

Robert
    $600 7
Iago

Robert
    $600 5
a prospectus

Triple Stumper
    $600 15
Iran (or Persia)

Robert
    $600 26
the cyprus

Triple Stumper
    $600 25
Leviticus

Robert
    $800 21
(Rachel: What is Regina?)
...
(Alex: Regina's in Saskatchewan.)

Edmonton

RobertRachel
    $800 11
Dr. Jekyll & Mr. Hyde

Liz
    $800 6
a fiduciary trust

Liz
    $800 16
(Alexander) Fleming

Rachel
    $800 27
live oaks

Liz
    $800 30
Hinduism

Liz
    $1000 22
Banff

Robert
    $2,200 12
Grendel

Liz
    $1000 8
door-to-door

Triple Stumper
    $2,000 17
(Rachel: Who is Wright?)

Buckminster Fuller

Rachel
    $1000 28
the sugar maple

Liz
    $1000 29
(Liz: Who are the Navajo?)

Zuni

LizRobert

Scores at the end of the Double Jeopardy! Round:

Liz Robert Rachel
$8,200 $8,900 $2,500

[wagering suggestions for these scores]

Final Jeopardy! Round responses

WORLD GEOGRAPHY
RachelWhat is [scribbled out response] Argentina
$50
LizWhat is South Africa
$8,199
RobertWhat is Brazil
$7,600
South Africa

Final scores:

Liz Robert Rachel
$16,399 $1,300 $2,450
3-day champion: $26,798 3rd place: Cutco knives + NES and games 2nd place: Orrefors stemware + Maytag dishwasher

Game dynamics:

Coryat scores:

Liz Robert Rachel
$7,000 $9,400 $4,500
15 R
(including 1 DD),
1 W
23 R,
3 W
(including 1 DD)
16 R,
2 W
(including 1 DD)

Combined Coryat: $20,900

The J! Archive is created by fans, for fans. The Jeopardy! game show and all elements thereof, including but not limited to copyright and trademark thereto, are the property of Jeopardy Productions, Inc. and are protected under law. This website is not affiliated with, sponsored by, or operated by Jeopardy Productions, Inc. Join the discussion at JBoard.tv.